Library Banner

State, power and politics in the making of the modern middle (Record no. 14426)

MARC details
000 -LEADER
fixed length control field 00413nam a2200169Ia 4500
001 - CONTROL NUMBER
control field 13775
008 - FIXED-LENGTH DATA ELEMENTS--GENERAL INFORMATION
fixed length control field 140402s9999 xx 000 0 und d
020 ## - INTERNATIONAL STANDARD BOOK NUMBER
International Standard Book Number 0-415-07590-4
040 ## - CATALOGING SOURCE
Transcribing agency PK-LaUMT
082 ## - DEWEY DECIMAL CLASSIFICATION NUMBER
Classification number 320.956
Item number OWE-S
100 ## - MAIN ENTRY--PERSONAL NAME
Personal name Owen, Roger
245 ## - TITLE STATEMENT
Title State, power and politics in the making of the modern middle
Statement of responsibility, etc Owen, Roger
260 ## - PUBLICATION, DISTRIBUTION, ETC. (IMPRINT)
Date of publication, distribution, etc 1992
300 ## - PHYSICAL DESCRIPTION
Extent 302 p.
546 ## - LANGUAGE NOTE
Language note EN
942 ## - ADDED ENTRY ELEMENTS (KOHA)
Koha item type Books
Holdings
Withdrawn status Lost status Damaged status Not for loan Home library Current library Date acquired Total Checkouts Full call number Barcode Date last seen Date checked out Price effective from Koha item type
        UMT Main Campus UMT Main Campus 2014-04-02 2 320.956 OWE-S 15546 2024-04-03 2024-03-18 2014-04-21 Books